Sobre la utilidad del Estudio de la Jurisprudencia.
Enregistré dans:
| Auteur principal: | |
|---|---|
| Autres auteurs: | |
| Format: | Livre |
| Langue: | espagnol |
| Publié: |
Madrid, España:
Instituto de Estudios Políticos,
1951.
|
| Collection: | Colección Civitas.
|
| Sujets: | |
| Tags: |
Ajouter un tag
Pas de tags, Soyez le premier à ajouter un tag!
|
MARC
| LEADER | 00000nam a2200000 a 4500 | ||
|---|---|---|---|
| 001 | UCS8378 | ||
| 003 | CL-VaPUC | ||
| 005 | 20231030144447.0 | ||
| 008 | 971031e19510000SP |||||||||||||||||spa|d | ||
| 999 | |c 262809 |d 262807 | ||
| 040 | |c Pontificia Universidad Católica de Valparaíso | ||
| 082 | 0 | 4 | |a 340.1 AUS 1951 |2 21 |
| 100 | 0 | |a Austin, John |e autor |9 393200 | |
| 245 | 1 | 0 | |a Sobre la utilidad del Estudio de la Jurisprudencia. |
| 260 | |a Madrid, España: |b Instituto de Estudios Políticos, |c 1951. | ||
| 300 | |a 83 páginas. | ||
| 490 | 0 | |a Colección Civitas. | |
| 500 | |a c.2 Donación Familia Prof. Alejandro Guzmán Brito. | ||
| 583 | |a last modification |c 19971031 00:00:00 |k Rodrigo Vera | ||
| 650 | 0 | |a Teoría del derecho |9 255982 | |
| 650 | 0 | |a Jurisprudencia |9 255952 | |
| 650 | 0 | |a Filosofía del derecho |9 255050 | |
| 650 | 0 | |a Derecho romano |9 255930 | |
| 650 | 0 | |a Juristas |9 255986 | |
| 650 | 0 | |a Escuelas de derecho |9 257536 | |
| 651 | 0 | |a Prusia |9 332663 | |
| 700 | |a González Vicen, Felipe |9 859415 |e versión del inglés y estudio preliminar | ||
| 942 | |c BK |2 ddc |n 0 | ||
| 945 | |d 19971031 00:00:00 |a aolguin | ||
| 952 | |0 0 |1 0 |4 0 |6 340_100000000000000_AUS_1951 |7 0 |8 DER_TF |9 291705 |a BIBDER |b BIBDER |d 2019-11-19 |i 1889893 |l 1 |o 340.1 AUS 1951 |p 1889893 |r 2023-01-25 |s 2020-03-16 |w 2019-11-19 |x Ubicación 4to Piso |y BK |z Estos recursos deben solicitarse con anticipación |k DER | ||